Carte topologique de la petite couronne parisienne - Statistiques

Statistiques générales
  • Ce quiz a été pris 199 fois
  • Le résultat moyen est 14 sur 124
Réponses sur la Carte
Les réponses sont colorées sur une échelle allant du rouge au vert en fonction du pourcentage des utilisateurs qui les ont devinées à leur premier essai. Vous pouvez retrouver ces pourcentages ci-dessous.
 
Statistiques - réponses
Réponse % Correct
Paris
95%
Boulogne-Billancourt
48%
Saint-Denis
28%
Issy-les-Moulineaux
26%
Levallois-Perret
24%
Saint-Ouen
23%
Aubervilliers
22%
Charenton-le-Pont
22%
Ivry-sur-Seine
22%
Neuilly-sur-Seine
22%
Montrouge
20%
Clichy
19%
Gentilly
18%
Le Kremlin-Bicêtre
18%
L'Île-Saint-Denis
18%
Pantin
18%
Vanves
18%
Vitry-sur-Seine
18%
Sèvres
17%
Villejuif
17%
Meudon
16%
Saint-Cloud
16%
Vincennes
16%
Bagnolet
15%
Bois-Colombes
15%
Colombes
15%
Créteil
15%
Gennevilliers
15%
Les Lilas
15%
Puteaux
15%
Saint-Maur-des-Fossés
15%
Asnières-sur-Seine
14%
Courbevoie
14%
Épinay-sur-Seine
14%
Maisons-Alfort
14%
Malakoff
14%
Cachan
13%
Le Pré-Saint-Gervais
13%
Montreuil
13%
Rueil-Malmaison
13%
Saint-Mandé
13%
Alfortville
12%
Arcueil
12%
Bagneux
12%
Bobigny
12%
Châtillon
12%
La Courneuve
12%
Nanterre
12%
Saint-Maurice
12%
Suresnes
12%
Villeneuve-la-Garenne
12%
Antony
10%
Chaville
10%
Joinville-le-Pont
10%
Choisy-le-Roi
9%
Clamart
9%
Le Bourget
9%
Orly
9%
Romainville
9%
Stains
9%
Ablon-sur-Seine
8%
Aulnay-sous-Bois
8%
Fontenay-sous-Bois
8%
Nogent-sur-Marne
8%
Villetaneuse
8%
Bonneuil-sur-Marne
7%
Champigny-sur-Marne
7%
Drancy
7%
Dugny
7%
Fresnes
7%
Gournay-sur-Marne
7%
La Garenne-Colombes
7%
L'Haÿ-Les-Roses
7%
Marnes-la-Coquette
7%
Pierrefitte-sur-Seine
7%
Sceaux
7%
Ville-d'Avray
7%
Villeneuve-le-Roi
7%
Villeneuve-Saint-Georges
7%
Bondy
6%
Chennevières-sur-Marne
6%
Garches
6%
Livry-Gargan
6%
Noisy-le-Grand
6%
Noisy-le-Sec
6%
Rosny-sous-Bois
6%
Rungis
6%
Sevran
6%
Thiais
6%
Bourg-la-Reine
5%
Bry-sur-Marne
5%
Chevilly-Larue
5%
Coubron
5%
Fontenay-aux-Roses
5%
Le Blanc-Mesnil
5%
Le Perreux-sur-Marne
5%
Le Plessis-Trévise
5%
Montfermeil
5%
Neuilly-Plaisance
5%
Ormesson-sur-Marne
5%
Sucy-en-Brie
5%
Tremblay-en-France
5%
Valenton
5%
Vaucresson
5%
Vaujours
5%
Villiers-sur-Marne
5%
Châtenay-Malabry
4%
La Queue-en-Brie
4%
Le Plessis-Robinson
4%
Le Raincy
4%
Marolles-en-Brie
4%
Neuilly-sur-Marne
4%
Périgny
4%
Santeny
4%
Villepinte
4%
Gagny
3%
Limeil-Brévannes
3%
Mandres-les-Roses
3%
Noiseau
3%
Villecresnes
3%
Villemomble
3%
Boissy-Saint-Léger
2%
Clichy-sous-Bois
2%
Les Pavillons-sous-Bois
2%
Aucun quiz correspondant
Distribution des résultats
% des personnes avec chaque résultat
Percentile par nombre de réponses
Votre historique - résultats
Vous n’avez pas pris ce quiz